Knot groups

Αποθηκεύτηκε σε:
Λεπτομέρειες βιβλιογραφικής εγγραφής
Κύριος συγγραφέας: Neuwirth, L. P. (Lee Paul)
Μορφή: Βιβλίο
Γλώσσα:English
Δημοσίευση: Princeton : Princeton University Press, 1965
Σειρά:Annals of mathematics studies ; ; 56
Θέματα:
Ετικέτες: Προσθήκη ετικέτας
Δεν υπάρχουν, Καταχωρήστε ετικέτα πρώτοι!

MARC

LEADER 00000nam a2200000 i 4500
001 1/36481
008 941103s1965 eng d
035 |a 1993  |l 10040253 
040 |a GR-MY-UA  |b gre  |e aacr 
041 0 |a eng 
082 0 |a 514.224 
100 1 |a Neuwirth, L. P.  |q (Lee Paul) 
245 1 0 |a Knot groups /  |c by L. P. Neuwirth 
260 |a Princeton :   |b Princeton University Press,   |c 1965 
300 |a vi, 113 p.;  |c 21 cm. 
490 1 |a Annals of mathematics studies  |v ; 56 
500 |a Includes bibliography 
650 0 0 |a Knot theory. 
830 0 |a Annals of mathematics studies ;  |v ; 56 
852 |a INST  |b SAMOS  |e 19941103  |h 514.224 NEU  |p 005300002874  |q 005300002874  |t BK  |y 0 
909 |a Σ  |b 029677